000
00320nam a22001457a 4500
008
230403b ||||| |||| 00| 0 eng d
020
_a
9780385421942
041
_a
eng
080
_a
159.9
082
_a
159.9CRO
100
_a
25
101
_a
PSI
245
_a
ON THR EDGE OF DARKNESS
_c
CRONKITE.K
942
_2
udc
_c
BK
999
_c
59492
_d
59492